000
00278nam a2200109Ia 4500
008
200302s9999 xx 000 0 und d
100
_a
Ethel Seno
245
_a
Trespass A History of Uncommissioned Urban Art
260
_b
Taschen Verlog Gmbh
260
_c
2010
300
_a
318 P.,
999
_c
2999
_d
2999